| 000 | 00338 a2200133 4500 | ||
|---|---|---|---|
| 001 | 34143 | ||
| 082 | _a532.05'0285 WES | ||
| 090 |
_c22623 _d22623 |
||
| 100 | _aWesseling, Pieter | ||
| 245 | _aPrinciples of computational fluid dynamics | ||
| 260 |
_aNY _bSpringer _c2000 |
||
| 300 | _axii, 644 | ||
| 500 | _aMS textbook Aerospace | ||
| 942 |
_aNUST-CAE _k532.05'0285 WES |
||
| 999 |
_c269216 _d269216 |
||